| 000 | 00793nas a2200265 4500 | ||
|---|---|---|---|
| 001 | BR8001805 | ||
| 003 | BR-BrBNA | ||
| 005 | 20231205084248.0 | ||
| 007 | ta | ||
| 008 | 230509b bl.|||p| |||| 00| 00por d | ||
| 040 |
_aBR-BrBNA _bpor _cBiblioteca Nacional de Agricultura |
||
| 041 | _a(Pt) | ||
| 072 | _aF00 | ||
| 100 | 1 | _aPadua, J.G. de | |
| 100 | 1 | _aFerreira, F.A. | |
| 100 | 1 | _aTanaka, T. | |
| 245 | 1 | _aMenta [Mentha spp.; Plantio; Minas Gerais; Brasil] | |
| 650 | _aProducao vegetal | ||
| 650 | _aMenta | ||
| 650 | _aPlantio | ||
| 650 | _aMinas Gerais | ||
| 773 | 0 |
_tInforme Agropecuario - Empresa de Pesquisa Agropecuaria de Minas Gerais (Brazil) _xISSN 0100-3364 _g(Aug 1980), v. 6(68) p. 57 _wBR8001805 |
|
| 909 |
_a202311 _bLúcia _c55 _dLúcia Elande |
||
| 942 |
_2AGRIS _n0 _cANA |
||
| 999 |
_c104118 _d104118 |
||